| 000 | 01215nam a2200301Ia 4500 | ||
|---|---|---|---|
| 003 | OSt | ||
| 005 | 20210413104552.0 | ||
| 008 | 210310s1993 ck grl 000 0 spa d | ||
| 020 | _a9586014525 | ||
| 040 |
_aCO-JMCR _cCO-JMCR |
||
| 041 | 0 | _aspa | |
| 082 | 0 | 4 |
_a342.02 / _bC718c _223 |
| 110 | 1 |
_aColombia _98040 |
|
| 243 | 1 | _aLeyes, decretos | |
| 245 | 1 | 0 |
_aConstitución política de Colombia : _btemas fundamentales / _ccompilador, Jorge Mario Eastman ; autores, Ciro Angarita, Jorge Arango Mejía, Antonio Barrera Carbonell [y otros 12] |
| 250 | _aSegunda edición | ||
| 260 |
_aBogotá : _bFundación Publicaciones Consigna, _c1993 |
||
| 300 |
_b426 páginas ; _c23 cm. |
||
| 500 | _a"Texto con sus concordancias internas e internacionales"--Tapa | ||
| 505 | 0 | _aConstitución Política de Colombia -- Desarrollo doctrinario -- Desarrollo jurisprudencial | |
| 650 | 1 | 4 |
_aDerecho constitucional _92055 _zColombia |
| 651 | 2 | 4 |
_aColombia _vComentarios _xConstitución _936758 |
| 700 | 1 |
_aEastman, Jorge Mario, _ecompilador _91694 |
|
| 700 | 1 |
_aAngarita, Ciro, _eautor _936759 |
|
| 700 | 1 |
_aArango Mejía, Jorge, _eautor _936760 |
|
| 700 | 1 |
_aCarbonell, Antonio Barrera, _eautor _936761 |
|
| 942 |
_2ddc _cBK |
||
| 999 |
_c7540 _d7540 |
||